000 00488nam a22002057a 4500
001 22170
005 20260401101625.0
008 260401b |||||||| |||| 00| 0 spa d
041 _aESP
082 _a346C4
_bZ47 T. 3
100 _aZavaleta Carruitero, Wilvelder [1932-...]
_eAUT
245 _aCódigo civil
260 _a :
_b ,
_c2006
300 _a000 páginas :
_b ;
_c24 cm.
440 _a ;
650 _aDER
654 _aCDE
700 _a;
942 _cLIB
_dJUS
_fJUS
_n0
_2ddc
999 _c22170
_d22170